Pokemon der Arenaleiter Hoenn - Statistiken

Allgemein
  • Dieses Quiz wurde 174 mal gespielt
  • Das Durchschnittsergebnis liegt bei 30 aus 38
Antwortstatistiken
Hint Antwort % Korrekt
Felizia Kleinstein
93%
Letarking
93%
Ben/Svenja Sonnfel
93%
Altaria
92%
Magneton
92%
Makuhita
92%
Voltenso
92%
Lunastein
91%
Norman Muntier
91%
Qurtel
90%
Walter Magnetilo
89%
Nasgnet
88%
Wibke Schwalboss
86%
Voltobal
86%
Kamillo Machollo
85%
Milotic
84%
SM Camaub
83%
Camerupt
83%
Flavia Schneckmag
83%
SM Frizelbliz
80%
SM Meditie
79%
Panzaeron
78%
SM Wablu
78%
Welsar
78%
Welsar
78%
Tropius
74%
SM Lepumentas
73%
Wassili Liebiskus
73%
Juan Liebiskus
73%
Pelipper
72%
Geradaks
69%
SM Pandir
64%
Seejong
64%
Seejong
64%
Xatu
62%
Krebutack
58%
Seedraking
58%
Golking
52%
Keine übereinstimmenden Quizze gefunden
Verteilung der Resultate
Anzahl Personen mit jedem Resultat
Perzentil nach korrekt beantworteten Fragen
Ihre Resultats-Entwicklung
Sie haben dieses Quiz noch nicht gespielt